LEADER 03541nam a2200601 a 4500 001 000000105667 003 CaOOAMICUS 005 20161118140939.0 008 070614m19881989it fa 001 0 ita d 020 $a88-311-9129-2 (v. 2) 020 $a88-311-9128-4 (v. 1) 032 $aLibriCat 040 $aPUG$bita$dmv$dPUL$dES 041 1 $aita$alat 100 0 $aAugustinus,$cs., vesc. d'Ippona,$d354-430.$0(OLS)http://pul/name/1290 245 13$aLa Genesi /$csant'Agostino. 260 $aRoma :$bCittà Nuova,$c©1988-©1989. 300 $a2 v. :$bill. color. ;$c25 cm 490 1 $aNuova biblioteca agostiniana.Opere di sant'Agostino.$aI Opere esegetiche ;$v9.1-2 500 $aContiene indici 500 $aTesto latino dell'edizione maurina confrontato con il Corpus christianorum ecclesiasticorum latinorum 505 0 $av. 1.: La Genesi difesa contro i Manichei ; Libro incompiuto su la Genesi / introduzione generali di A. Di Giovanni, A. Penna (1988) -- v. 2. : La Genesi alla lettera / traduzione, note e indici di L. Carrozzi (1989). 546 $aTesto latino con traduzione italiana a fronte. 700 1 $aPenna, Angelo,$cC.R.L,$epr.$0(OLS)http://pul/name/7704 700 1 $aDi Giovanni, Alberto,$epr.$0(OLS)http://pul/name/1850 700 1 $aCarrozzi, Luigi,$eed.$0(OLS)http://pul/name/12980 700 0 $aAugustinus,$cs., vesc. d'Ippona,$d354-430.$tDe Genesi ad litteram.$0(OLS)http://pul/nameTitle/498$0(OLS)http://pul/name/1290$0(OLS)http://pul/title/133012 700 0 $aAugustinus,$cs., vesc. d'Ippona,$d354-430.$tDe Genesi ad litteram liber imperfectus.$0(OLS)http://pul/nameTitle/499$0(OLS)http://pul/name/1290$0(OLS)http://pul/title/133013 700 0 $aAugustinus,$cs., vesc. d'Ippona,$d354-430.$tDe Genesi contra Manichaeos.$0(OLS)http://pul/nameTitle/500$0(OLS)http://pul/name/1290$0(OLS)http://pul/title/133014 740 32$aLa Genesi alla lettera. 740 02$aLibro incompiuto su la Genesi. 740 32$aLa Genesi difesa contro i Manichei. 830 0$aNuova biblioteca agostiniana.$pOpere di sant'Agostino.$nI,$pOpere esegetiche ;$v9.1-2.$0(OLS)http://pul/title/133009 850 $aPUL 852 $aPUL$W1$xSL Cons. Gen., Altre Classi 1$y1$m2000 C 9,1$j118424$qStampati$B118328$CPULBib$Z2$F118328 $H60954 $82 852 $aPUL$W1$xSL Cons. Gen., Altre Classi 1$y1$m2000 C 9,2$j118425$qStampati$B118329$CPULBib$Z2$F118329 $H75459 $82 900 $aAgostino,$cs., vesc. d'Ippona,$d354-430$91290 900 $aAgostino, Aurelio,$cs., vesc. d'Ippona$d354-430$91290 900 $aAgostino,$cs., vesc. d'Ippona,$d354-430$91290 900 $aAgostino, Aurelio,$cs., vesc. d'Ippona$d354-430$91290 900 $aAgostino,$cs., vesc. d'Ippona,$d354-430$91290 900 $aAgostino, Aurelio,$cs., vesc. d'Ippona$d354-430$91290 900 $aAgostino,$cs., vesc. d'Ippona,$d354-430$91290 900 $aAgostino, Aurelio,$cs., vesc. d'Ippona$d354-430$91290 941 1 $a8 996 $6020$a88-311-9129-2 (v. 2)$9(OLS)http://pul/number/134853 996 $6020$a88-311-9128-4 (v. 1)$9(OLS)http://pul/number/134854 996 $6245$aLa Genesi$9(OLS)http://pul/title/133010 996 $6740$aLa Genesi alla lettera$9(OLS)http://pul/title/196111 996 $6740$aLibro incompiuto su la Genesi$9(OLS)http://pul/title/196110 996 $6740$aLa Genesi difesa contro i Manichei$9(OLS)http://pul/title/196109 996 $6260$aRoma :$bCittà Nuova$9(OLS)http://pul/publisher/47927 LEADER 01796nam a2200373 a 4500 001 000000171222 003 CaOOAMICUS 005 20181214115613.0 008 181214s2009 sp c 000 u ita r 020 $a978-84-220-1428-7* 032 $aLibriCat 040 $aPUL$bita 041 $aita$hspa 082 14$a282.092 100 1 $aHernández Rodríguez, María Victoria.$0(OLS)http://pul/name/37995 240 10$aVida y obras de Tomás Morales, SJ. $bBiografia.$lItaliano.$0(OLS)http://pul/title/212067 245 10$aSentire con la Chiesa P. Tomás Morales, SI (1908-1994) /$cMaría Victoria Hernández Rodríguez ; presentazione di S.E.R: Raffaele Farina, SBD. 260 $aMadrid :$bCruzadas de Santa Maria ;$aMadrid :$bBiblioteca de autores cristianos,$c©2009. 300 $ax, 274 p. :$britr., ill. ;$c20 cm. 490 1 $aBiblioteca de Autores Cristianos 504 $aBibliografia in nota a piè pagina. 600 14$aMorales, Tomás,$d1908-1994.$0(OLS)http://pul/subject/45814 700 1 $aFarina, Raffaele,$cS.D.B.,$d1933-$0(OLS)http://pul/name/5807 830 0$aBiblioteca de autores cristianos.$0(OLS)http://pul/title/1365 850 $aPUL 852 $aPUL$W1$xDP2 Religione 3$y114$m282. 092 HERMA 1$j194898$qDDC 21$B199799$CPULBib$Z2$F199799 $H132004 $81 941 1 $a9 983 0$aBAC. 996 $6020$a978-84-220-1428-7*$9(OLS)http://pul/number/165582 996 $6082$a282.092$9(OLS)http://pul/classification/402 996 $6245$aSentire con la Chiesa P. Tomás Morales, SI (1908-1994)$9(OLS)http://pul/title/212066 996 $6260$aMadrid :$bCruzadas de Santa Maria$9(OLS)http://pul/publisher/87124 996 $6260$aMadrid :$bBiblioteca de autores cristianos$9(OLS)http://pul/publisher/51328